000 00279nam a2200121 a 4500
008 101210s1953|||| d
100 1 _aNovikov, Alexej
245 1 0 _aZrodenie muzikanta
260 _bSVKL
_aBratislava
_c1953
020 _c35,90
041 _aslo
044 _axo
_cSK
999 _c15129
_d15129